Bí mật ngôi mộ cổ /
Kaydedildi:
| Yazar: | |
|---|---|
| Materyal Türü: | Sách giấy |
| Dil: | Vietnamese |
| Baskı/Yayın Bilgisi: |
H. :
Công an Nhân dân,
2004
|
| Etiketler: |
Etiketle
Etiket eklenmemiş, İlk siz ekleyin!
|
| Thư viện lưu trữ: | Thư viện Trường Đại học Đà Lạt |
|---|
| LEADER | 00651nam a2200277 4500 | ||
|---|---|---|---|
| 001 | DLU040029457 | ||
| 005 | ##20041006 | ||
| 040 | # | # | |a DLU |b vie |
| 041 | # | # | |a vie |
| 044 | # | # | |a vn |
| 082 | # | # | |a 823 |b CO-R |
| 100 | # | # | |a Cook, Robin |
| 245 | # | # | |a Bí mật ngôi mộ cổ / |c Robin Cook; Nguyễn Đỗ dịch |
| 260 | # | # | |a H. : |b Công an Nhân dân, |c 2004 |
| 300 | # | # | |a 235 tr. ; |c 19 cm |
| 700 | # | # | |n guyễn Đỗ |e dịch |
| 923 | # | # | |a 30/2004 |
| 992 | # | # | |a 23.000 |
| 994 | # | # | |a DLU |
| 900 | # | # | |a True |
| 911 | # | # | |a Đào Thị Thu Huyền |
| 925 | # | # | |a G |
| 926 | # | # | |a A |
| 927 | # | # | |a SH |
| 980 | # | # | |a Thư viện Trường Đại học Đà Lạt |